000 01704nam0a2200361 4500
001 RU\NLR\bibl\960334
005 20260405191216.0
010 _a5-02-029434-9
_9500
021 _aRU
_b2006-33803
_91691
021 _aRU
_b2006-34239
_91710
035 _a(NLR Aleph) 000948371
090 _a263931
_c263931
100 _a20060620d2005 |||y0rusy50 ca
101 0 _arus
_deng
102 _aRU
105 _aa |||||||||
200 1 _aПоселение и могильник Частухинский Урий
_fВ. И. Семенова
_gИн-т пробл. освоения Севера Сиб. отд-ния Рос. акад. наук [и др.]
210 _aНовосибирск
_cНаука
_d2005
215 _a159, [4] с.
_cил.
_d25
300 _aВ надзаг. также: Тюм. гос. ин-т искусств и культуры, НПО "Сев. археология"
300 _aРез. на англ. яз.
320 _aБиблиогр.: с. 97-100
607 _aЧастухинский Урий, могильник (Сибирь Западная)
_xАрхеологическое изучение
_92429963
_3RU\NLR\auth\661446429
607 _aЧастухинский Урий, поселение (Сибирь Западная)
_xАрхеологическое изучение
_92429960
_3RU\NLR\auth\661446427
686 _aТ4(2)451.3-423
686 _aТ4(2)451.3-431.1
700 1 _4070
_7ca
_8rus
_aСеменова
_bВ. И.
_cд-р культурологии
_gВалентина Ивановна
_966195
_3RU\NLR\auth\7783267
801 0 _aRU
_bNLR
_c20060620
_grcr
801 1 _aRU
_bNLR
_c20060620
942 _cBOOK
980 _aNB